[Event "Vojvodina-chT"]
[Site "Kac"]
[Date "2014.11.13"]
[Round "9.2"]
[White "Bogic, Stevan"]
[Black "Krejic, Igor"]
[Result "1/2-1/2"]
[WhiteElo "2199"]
[BlackElo "2213"]
[PlyCount "46"]
[EventDate "2014.11.08"]
[EventType "team-tourn"]
[EventRounds "11"]
[EventCountry "SRB"]
[SourceTitle "EXT 2017"]
[Source "ChessBase"]
[SourceDate "2016.10.25"]
[SourceVersion "1"]
[SourceVersionDate "2016.10.25"]
[SourceQuality "1"]

1. d4 Nf6 2. c4 e6 3. Nc3 Bb4 4. Nf3 d5 5. Bg5 h6 6. Bxf6 Qxf6 7. Qa4+ Nc6 8. Ne5 0-0 9. Nxc6 Bxc3+ 10. bxc3 Bd7 11. cxd5 exd5 12. g3 Bxc6 13. Qb3 Qd6 14. Bg2 Rfe8 15. e3 a5 16. 0-0 Ra6 17. c4 a4 18. Qc3 dxc4 19. Qxc4 b5 20. Qd3 Bxg2 21. Kxg2 Qd5+ 22. Kg1 Rb6 23. Rfc1 Rc6 1/2-1/2

[Event "Vojvodina-chT"]
[Site "Kac"]
[Date "2014.11.12"]
[Round "7.3"]
[White "Bogic, Stevan"]
[Black "Zobenica, Ivan"]
[Result "0-1"]
[WhiteElo "2199"]
[BlackElo "2106"]
[PlyCount "96"]
[EventDate "2014.11.08"]
[EventType "team-tourn"]
[EventRounds "11"]
[EventCountry "SRB"]
[SourceTitle "EXT 2017"]
[Source "ChessBase"]
[SourceDate "2016.10.25"]
[SourceVersion "1"]
[SourceVersionDate "2016.10.25"]
[SourceQuality "1"]

1. d4 Nf6 2. c4 d6 3. Nc3 Nbd7 4. e4 e5 5. d5 Be7 6. f3 c6 7. Be3 0-0 8. Nh3 Re8 9. Be2 Nf8 10. Nf2 Ng6 11. g3 a6 12. b4 cxd5 13. cxd5 Bd7 14. Na4 Bxa4 15. Qxa4 Nh5 16. Nd3 Bg5 17. Bf2 f5 18. exf5 e4 19. fxe4 Rxe4 20. Kf1 Rxe2 21. Kxe2 Qe7+ 22. Kf3 Qf7 23. Kg2 Qxf5 24. Rhd1 Rf8 25. Qb3 Qf3+ 26. Kg1 Be3 27. Qc2 Nxg3 28. hxg3 Qxg3+ 29. Kf1 Ne5 30. Qc8 Bxf2 31. Qxf8+ Kxf8 32. Nxf2 h5 33. Rac1 h4 34. Rc7 h3 35. Rdc1 Qg2+ 36. Ke2 Qxd5 37. Rc8+ Ke7 38. R8c7+ Nd7 39. Rh1 Qxa2+ 40. Kf3 Kd8 41. Rcc1 Ne5+ 42. Kg3 Qa3+ 43. Kh4 Qf3 44. Rcf1 Ng6+ 45. Kg5 Qg3+ 46. Kf5 Nh4+ 47. Ke4 Qf3+ 48. Kd4 Nf5+ 0-1

[Event "Vojvodina-chT 2nd League"]
[Site "Stari Banovci"]
[Date "2013.11.07"]
[Round "6"]
[White "Bogic, Stevan"]
[Black "Ivanovic, Miroslav"]
[Result "0-1"]
[WhiteElo "2195"]
[BlackElo "2069"]
[PlyCount "86"]
[EventDate "2013.11.03"]
[EventType "team-tourn"]
[EventRounds "11"]
[EventCountry "SRB"]
[SourceTitle "EXT 2015"]
[Source "ChessBase"]
[SourceDate "2014.11.20"]
[SourceVersion "1"]
[SourceVersionDate "2014.11.20"]
[SourceQuality "1"]

1. d4 Nf6 2. Nf3 e6 3. g3 c5 4. c4 cxd4 5. Nxd4 d5 6. Bg2 e5 7. Nb3 d4 8. 0-0 Nc6 9. Bg5 Be7 10. N1d2 0-0 11. e3 Bg4 12. f3 Bh5 13. e4 Nd7 14. Bxe7 Qxe7 15. g4 Bg6 16. Nc1 Qg5 17. Re1 h5 18. h3 f6 19. Nd3 Nd8 20. Nf1 Ne6 21. Ng3 Ndc5 22. Bh1 Nxd3 23. Qxd3 Nf4 24. Qb3 Kh7 25. Ne2 b6 26. Nxf4 Qxf4 27. Qd3 Rac8 28. b3 b5 29. Rac1 Rc5 30. a4 a6 31. axb5 axb5 32. Ra1 bxc4 33. bxc4 Bf7 34. Rec1 Rfc8 35. Qb3 Qg3+ 36. Bg2 hxg4 37. hxg4 Rxc4 38. Rxc4 Rxc4 39. Qb2 d3 40. Rc1 Qf4 41. Rxc4 Bxc4 42. Kf2 Qh6 43. Qc3 Bb5 0-1

[Event "Vojvodina-chT 2nd League"]
[Site "Stari Banovci"]
[Date "2013.11.05"]
[Round "2"]
[White "Bogic, Stevan"]
[Black "Jacimovic, Zoran"]
[Result "1-0"]
[WhiteElo "2195"]
[BlackElo "2169"]
[PlyCount "67"]
[EventDate "2013.11.03"]
[EventType "team-tourn"]
[EventRounds "11"]
[EventCountry "SRB"]
[SourceTitle "EXT 2015"]
[Source "ChessBase"]
[SourceDate "2014.11.20"]
[SourceVersion "1"]
[SourceVersionDate "2014.11.20"]
[SourceQuality "1"]

1. d4 d5 2. Nf3 Nf6 3. c4 c6 4. Nc3 a6 5. cxd5 cxd5 6. Bg5 Ne4 7. Bf4 Nxc3 8. bxc3 Qa5 9. Qb3 Nd7 10. e3 b5 11. Bd3 Bb7 12. 0-0 Rc8 13. Rac1 e6 14. Nd2 Ba3 15. Rc2 0-0 16. Nb1 Be7 17. f3 Rfd8 18. Re2 Nb6 19. Bg3 Na4 20. Be1 Qc7 21. f4 Bd6 22. Bd2 f5 23. h3 Nb6 24. g4 g6 25. Rg2 Kh8 26. Rf3 Nc4 27. Be1 Qe7 28. h4 Bc6 29. Rh3 fxg4 30. Rxg4 Rg8 31. Rg2 Rgf8 32. Qd1 Bd7 33. Rf3 Nb2 34. Rxb2 1-0

[Event "Vojvodina-chT 2nd League"]
[Site "Sombor"]
[Date "2010.10.13"]
[Round "5"]
[White "Bogic, Stevan"]
[Black "Kostic, V Vladimir"]
[Result "0-1"]
[WhiteElo "2229"]
[BlackElo "2259"]
[PlyCount "170"]
[EventDate "2010.10.10"]
[EventType "team-tourn"]
[EventRounds "9"]
[EventCountry "YUG"]
[SourceTitle "CBM 138 Extra"]
[Source "ChessBase"]
[SourceDate "2010.10.29"]
[SourceVersion "1"]
[SourceVersionDate "2010.10.29"]
[SourceQuality "1"]

1. d4 f5 2. Nf3 Nf6 3. g3 g6 4. Bg2 Bg7 5. 0-0 0-0 6. c4 d6 7. Nc3 Qe8 8. Bg5 Nbd7 9. Qc2 c6 10. e4 Nxe4 11. Nxe4 fxe4 12. Qxe4 e5 13. dxe5 Nxe5 14. Nxe5 Qxe5 15. Qxe5 Bxe5 16. Rad1 Bxb2 17. Rxd6 Ba3 18. Rd3 Bc5 19. Be3 Bxe3 20. Rxe3 Bf5 21. h3 Rae8 22. Rfe1 Rxe3 23. Rxe3 Kg7 24. c5 h5 25. Ra3 a6 26. Re3 Rf7 27. h4 Kf6 28. f4 Rd7 29. Kf2 Rd1 30. Re8 Rc1 31. Rb8 Rc2+ 32. Kg1 Rb2 33. a3 Rb3 34. Kf2 Rb2+ 35. Kg1 Ke7 36. Bf3 Kd7 37. Rf8 Ke7 38. Rb8 Rb5 39. a4 Rb2 40. Rg8 Kf7 41. Rb8 Bc2 42. a5 Bf5 43. Kf1 Ke7 44. Be2 Kd7 45. Rf8 Rc2 46. Rf7+ Kc8 47. g4 Bxg4 48. Bxg4+ hxg4 49. Rg7 g3 50. Rxg6 Rf2+ 51. Kg1 Rxf4 52. h5 Rh4 53. h6 Rh2 54. Rg8+ Kd7 55. Rh8 Ke6 56. h7 Kf7 57. Rb8 Rxh7 58. Rxb7+ Kg6 59. Rb6 Rc7 60. Rxa6 Kf5 61. Kg2 Ke5 62. Rb6 Kd5 63. a6 Ra7 64. Kxg3 Kxc5 65. Rb7 Rxa6 66. Kf2 Ra8 67. Ke2 Rd8 68. Rg7 Kb5 69. Rb7+ Kc4 70. Rh7 c5 71. Rc7 Kb4 72. Rb7+ Kc3 73. Rc7 c4 74. Rc6 Kb3 75. Rb6+ Kc2 76. Rc6 Re8+ 77. Kf1 c3 78. Kf2 Kd2 79. Rd6+ Kc1 80. Rc6 c2 81. Rb6 Re5 82. Rb8 Kd2 83. Rd8+ Kc3 84. Rc8+ Kd3 85. Kf1 Re4 0-1

[Event "Vojvodina Cup"]
[Site "Banja Junakovic"]
[Date "2009.05.03"]
[Round "5"]
[White "Bogic, Stevan"]
[Black "Mihic, Bojan"]
[Result "0-1"]
[WhiteElo "2262"]
[BlackElo "2391"]
[PlyCount "128"]
[EventDate "2009.04.30"]
[EventType "team-tourn"]
[EventRounds "5"]
[EventCountry "YUG"]
[SourceTitle "EXT 2011"]
[Source "ChessBase"]
[SourceDate "2010.11.26"]
[SourceVersion "1"]
[SourceVersionDate "2010.11.26"]
[SourceQuality "1"]

1. d4 e6 2. c4 f5 3. Nc3 Nf6 4. g3 Bb4 5. Bg2 0-0 6. Nh3 Bxc3+ 7. bxc3 d6 8. 0-0 Qe8 9. Qb3 Nc6 10. d5 Nd8 11. f4 exd5 12. cxd5 b6 13. Re1 Rf7 14. c4 Nb7 15. Nf2 Nc5 16. Qc2 Re7 17. Bb2 Nfe4 18. Bd4 a5 19. Nxe4 Nxe4 20. e3 Bd7 21. Bf3 Qg6 22. Qg2 Rae8 23. Qh3 Qf7 24. Rad1 Ba4 25. Rc1 b5 26. Bh5 g6 27. Be2 bxc4 28. Bxc4 Nd2 29. Qg2 Nxc4 30. Rxc4 Bb5 31. Rcc1 Bd3 32. Qd2 Be4 33. Qxa5 Bxd5 34. Qd2 Qe6 35. e4 Bxe4 36. Ba1 h6 37. Qb2 Kh7 38. a4 Qd5 39. Red1 Qa5 40. Qd4 Ba8 41. Bc3 Qa6 42. Re1 Rxe1+ 43. Rxe1 Rxe1+ 44. Bxe1 Qc6 45. Qd2 Qh1+ 46. Kf2 Qxh2+ 47. Ke3 Qg1+ 48. Bf2 Qg2 49. Qe1 Kg8 50. Kd2 Kf7 51. Qe3 Qd5+ 52. Kc3 Qf3 53. Kb4 Qxe3 54. Bxe3 Kf6 55. Kb5 g5 56. Ka6 g4 57. Ka7 Bf3 58. Kb8 c5 59. a5 Ke6 60. Kc7 c4 61. a6 c3 62. a7 c2 63. Kb6 h5 64. Kb5 h4 0-1

[Event "Vojvodina Cup"]
[Site "Banja Junakovic"]
[Date "2009.05.02"]
[Round "4"]
[White "Bogic, Stevan"]
[Black "Vajdic, Nikola"]
[Result "1/2-1/2"]
[WhiteElo "2262"]
[BlackElo "2288"]
[PlyCount "56"]
[EventDate "2009.04.30"]
[EventType "team-tourn"]
[EventRounds "5"]
[EventCountry "YUG"]
[SourceTitle "EXT 2011"]
[Source "ChessBase"]
[SourceDate "2010.11.26"]
[SourceVersion "1"]
[SourceVersionDate "2010.11.26"]
[SourceQuality "1"]

1. e4 c5 2. Nf3 Nc6 3. d4 cxd4 4. Nxd4 Nf6 5. Nc3 e5 6. Ndb5 d6 7. Bg5 a6 8. Na3 b5 9. Nd5 Be7 10. Bxf6 Bxf6 11. c3 Bg5 12. Nc2 0-0 13. a4 bxa4 14. Rxa4 a5 15. Bc4 Rb8 16. b3 Be6 17. 0-0 Kh8 18. Nce3 g6 19. Qd3 f5 20. exf5 gxf5 21. f4 Bh6 22. Kh1 Qd7 23. Ra3 Qf7 24. g3 Qb7 25. Ba6 Qf7 26. Bc4 Qb7 27. Ba6 Qa7 28. Bc4 Qb7 1/2-1/2

[Event "Vojvodina Cup"]
[Site "Banja Junakovic"]
[Date "2009.05.01"]
[Round "3"]
[White "Bokan, Danko"]
[Black "Bogic, Stevan"]
[Result "1-0"]
[WhiteElo "2297"]
[BlackElo "2262"]
[PlyCount "117"]
[EventDate "2009.04.30"]
[EventType "team-tourn"]
[EventRounds "5"]
[EventCountry "YUG"]
[SourceTitle "EXT 2011"]
[Source "ChessBase"]
[SourceDate "2010.11.26"]
[SourceVersion "1"]
[SourceVersionDate "2010.11.26"]
[SourceQuality "1"]

1. e4 c6 2. d4 d5 3. Nd2 dxe4 4. Nxe4 Nf6 5. Ng3 e5 6. N1e2 exd4 7. Nxd4 Bc5 8. Qe2+ Be7 9. Be3 Nd5 10. 0-0-0 Qc7 11. Ngf5 Bxf5 12. Nxf5 Qe5 13. Nxe7 Qxe7 14. Bc5 Qxe2 15. Bxe2 Nd7 16. Bd6 N7f6 17. c4 0-0-0 18. Be5 Rhe8 19. cxd5 Rxe5 20. dxc6 Rc5+ 21. Kb1 Rxd1+ 22. Bxd1 bxc6 23. Bb3 Nd5 24. Rc1 Rxc1+ 25. Kxc1 Nf4 26. g3 Nd3+ 27. Kd2 Nxf2 28. Bxf7 Kc7 29. Bg8 h6 30. Ke3 Nd1+ 31. Kd4 Kd6 32. b4 Nf2 33. Bc4 Ng4 34. h3 Ne5 35. Be2 Nd7 36. Ke4 g6 37. h4 Nf6+ 38. Kd4 Nd7 39. Bf1 g5 40. hxg5 hxg5 41. Ke4 c5 42. b5 Ne5 43. Be2 g4 44. a4 Ke6 45. a5 Kd6 46. a6 Nd7 47. Bxg4 Nb6 48. Be2 Ke6 49. g4 Kf6 50. Bf3 Ke6 51. g5 c4 52. Bg4+ Kd6 53. Kd4 c3 54. Kxc3 Ke5 55. Kb4 Kd4 56. Bf3 Ke5 57. g6 Kf6 58. Be4 Nd7 59. Kc4 1-0

[Event "Vojvodina-chT"]
[Site "Pancevo"]
[Date "2007.09.28"]
[Round "7"]
[White "Sevo, Dusan"]
[Black "Bogic, Stevan"]
[Result "1/2-1/2"]
[WhiteElo "2279"]
[BlackElo "2261"]
[PlyCount "85"]
[EventDate "2007.09.24"]
[EventType "team-tourn"]
[EventRounds "9"]
[EventCountry "SRB"]
[SourceTitle "EXT 2023"]
[Source "ChessBase"]
[SourceDate "2022.10.05"]
[SourceVersion "1"]
[SourceVersionDate "2022.10.05"]
[SourceQuality "1"]

1. e4 e6 2. d3 d5 3. Nd2 Nf6 4. Ngf3 b6 5. g3 dxe4 6. dxe4 Bb7 7. Qe2 Ba6 8. Nc4 Nc6 9. e5 Nd7 10. Qe4 Bb7 11. Bg5 Be7 12. Bxe7 Qxe7 13. Bg2 Na5 14. Qe2 Qb4+ 15. Ncd2 Qxb2 16. 0-0 0-0 17. Nb3 Nxb3 18. axb3 a5 19. Rfe1 Nc5 20. Rac1 Qc3 21. Ng5 Bxg2 22. Kxg2 h6 23. Nf3 a4 24. bxa4 Rxa4 25. Qb5 Qc4 26. Qxc4 Rxc4 27. Re2 Ra8 28. Rd1 b5 29. h4 b4 30. h5 Kh7 31. Rd4 Rxd4 32. Nxd4 Ra2 33. Kf3 Ra3+ 34. Kg2 Ra2 35. Kf3 Ra3+ 36. Kg2 Na6 37. Nb5 Ra5 38. Nd4 c5 39. Nb3 Ra3 40. Re4 Ra2 41. Rc4 Rb2 42. Nxc5 Nxc5 43. Rxc5 1/2-1/2

[Event "Vojvodina-chT"]
[Site "Pancevo"]
[Date "2007.09.24"]
[Round "1"]
[White "Bogic, Stevan"]
[Black "Mijatovic, Dejan"]
[Result "0-1"]
[WhiteElo "2261"]
[BlackElo "2280"]
[PlyCount "70"]
[EventDate "2007.09.24"]
[EventType "team-tourn"]
[EventRounds "9"]
[EventCountry "SRB"]
[SourceTitle "EXT 2023"]
[Source "ChessBase"]
[SourceDate "2022.10.05"]
[SourceVersion "1"]
[SourceVersionDate "2022.10.05"]
[SourceQuality "1"]

1. d4 d5 2. c4 c6 3. Nf3 Nf6 4. Nc3 e6 5. e3 Nbd7 6. Bd3 Bd6 7. 0-0 0-0 8. e4 dxc4 9. Bxc4 e5 10. Bg5 Qe7 11. d5 Nb6 12. Bb3 Bg4 13. Qd3 h6 14. Bxf6 Qxf6 15. Nd2 Bc5 16. Qg3 Bh5 17. Kh1 g5 18. Qh3 Bg6 19. Qxh6 Rfd8 20. Rad1 Bf8 21. Qh3 Bb4 22. Ndb1 Kg7 23. Rd3 Rh8 24. Qg3 Rh4 25. Rf3 Qe7 26. Kg1 Rah8 27. h3 g4 28. Rd3 gxh3 29. Rfd1 R4h5 30. d6 Qd8 31. Qe3 hxg2 32. Kxg2 Rg5+ 33. Kf1 Rh1+ 34. Ke2 Bh5+ 35. Kd2 Rxd1+ 0-1

[Event "SRB-chT Cup 50th"]
[Site "Mataruska Banja"]
[Date "2007.05.27"]
[Round "7"]
[White "Bogic, Stevan"]
[Black "Ilic, Slobodan"]
[Result "1/2-1/2"]
[WhiteElo "2270"]
[BlackElo "2190"]
[PlyCount "111"]
[EventDate "2007.05.21"]
[EventType "team-tourn"]
[EventRounds "7"]
[EventCountry "YUG"]
[SourceTitle "CBM 118 Extra"]
[Source "ChessBase"]
[SourceDate "2007.07.04"]
[SourceVersion "1"]
[SourceVersionDate "2007.07.04"]
[SourceQuality "1"]

1. d4 Nf6 2. c4 e6 3. Nc3 d5 4. Nf3 Be7 5. Bg5 0-0 6. e3 h6 7. Bh4 b6 8. Qc2 Bb7 9. Bxf6 Bxf6 10. cxd5 exd5 11. 0-0-0 c5 12. g4 Qe7 13. h4 g6 14. g5 hxg5 15. hxg5 Bg7 16. Kb1 Nd7 17. Bh3 Rfd8 18. Rh2 Nf8 19. Rdh1 cxd4 20. exd4 Ba6 21. Qd2 Qd6 22. Bg2 Rac8 23. Qe3 Ne6 24. Bh3 Re8 25. Bxe6 Qxe6 26. Ne5 Qf5+ 27. Ka1 Rcd8 28. f4 Bxe5 29. fxe5 Kf8 30. Rf2 Qg4 31. b3 Ke7 32. Rh7 Rf8 33. Rf6 Bc8 34. Ne2 Bf5 35. Nc3 Be6 36. Qf4 Qxf4 37. Rxf4 Rh8 38. Rfh4 Rxh7 39. Rxh7 a6 40. Kb2 Bg4 41. Rh4 Bf5 42. Nd1 Rc8 43. Ne3 Be6 44. Rh1 Kd7 45. b4 Ke7 46. a3 Kd7 47. a4 Ke7 48. b5 a5 49. Rc1 Rxc1 50. Kxc1 Kd7 51. Kb2 Kc7 52. Ng2 Kd7 53. Nf4 Ke7 54. Kc3 Kd7 55. Nd3 Kc7 56. Nf4 1/2-1/2

[Event "SRB-chT Cup 50th"]
[Site "Mataruska Banja"]
[Date "2007.05.25"]
[Round "5"]
[White "Bogic, Stevan"]
[Black "Saric, Sinisa"]
[Result "1-0"]
[WhiteElo "2270"]
[BlackElo "2330"]
[PlyCount "147"]
[EventDate "2007.05.21"]
[EventType "team-tourn"]
[EventRounds "7"]
[EventCountry "YUG"]
[SourceTitle "CBM 118 Extra"]
[Source "ChessBase"]
[SourceDate "2007.07.04"]
[SourceVersion "1"]
[SourceVersionDate "2007.07.04"]
[SourceQuality "1"]

1. d4 Nf6 2. c4 g6 3. Nc3 Bg7 4. e4 d6 5. f3 0-0 6. Bg5 c5 7. d5 h6 8. Be3 e6 9. Qd2 exd5 10. cxd5 h5 11. Nge2 Nbd7 12. Nc1 a6 13. a4 Ne5 14. Be2 Nh7 15. 0-0 f5 16. N1a2 Qf6 17. f4 Ng4 18. Bxg4 hxg4 19. e5 dxe5 20. fxe5 Qxe5 21. Bxc5 Rf7 22. Rfe1 Qc7 23. Re8+ Nf8 24. Qf2 b5 25. Rae1 bxa4 26. d6 Qb7 27. R8e7 Bd7 28. Rxf7 Kxf7 29. Re7+ Kg8 30. Bd4 Bxd4 31. Qxd4 Qa7 32. Qxa7 Rxa7 33. Nxa4 Ra8 34. Nc5 Rd8 35. Nb4 Bc8 36. d7 Bxd7 37. Nd5 Bc8 38. Nf6+ Kh8 39. b4 f4 40. Kf2 Bf5 41. Ke2 Rc8 42. Re8 Kg7 43. Rxc8 Bxc8 44. Ne8+ Kh6 45. Nd6 Be6 46. Nxa6 Bd5 47. Kf2 Nd7 48. Nc7 Bb3 49. b5 Nb6 50. Nce8 Kg5 51. g3 f3 52. Ke3 Nd5+ 53. Kd2 Ba4 54. Kd3 Bd1 55. Kd4 Bc2 56. Nc4 Nb6 57. Nd2 Kf5 58. Nc7 Ba4 59. Kc5 Nd7+ 60. Kd6 Nb6 61. Kc5 Nd7+ 62. Kd6 Ne5 63. b6 Bc6 64. Nd5 f2 65. Ne3+ Kf6 66. Nxg4+ Nxg4 67. Kxc6 Ne5+ 68. Kc7 Nc4 69. Ne4+ Ke5 70. Nxf2 Nxb6 71. Kxb6 Kd4 72. h4 Ke3 73. g4 Kf4 74. Kc5 1-0

[Event "SRB-chT Cup 50th"]
[Site "Mataruska Banja"]
[Date "2007.05.22"]
[Round "2"]
[White "Sandic, Vladeta"]
[Black "Bogic, Stevan"]
[Result "1-0"]
[WhiteElo "2326"]
[BlackElo "2270"]
[PlyCount "115"]
[EventDate "2007.05.21"]
[EventType "team-tourn"]
[EventRounds "7"]
[EventCountry "YUG"]
[SourceTitle "CBM 118 Extra"]
[Source "ChessBase"]
[SourceDate "2007.07.04"]
[SourceVersion "1"]
[SourceVersionDate "2007.07.04"]
[SourceQuality "1"]

1. d4 Nf6 2. c4 d6 3. Nc3 Nbd7 4. Nf3 g6 5. e4 e5 6. Be2 Bg7 7. 0-0 0-0 8. Re1 c6 9. Bf1 Ng4 10. d5 c5 11. h3 Nh6 12. Ng5 Kh8 13. Be3 Ng8 14. Nf3 h6 15. Nh2 f5 16. exf5 gxf5 17. f4 a6 18. g3 Qe8 19. Nf3 exf4 20. Bxf4 Ne5 21. Qe2 Nxf3+ 22. Qxf3 Qg6 23. Bd3 Bd7 24. Re2 Rae8 25. Rae1 Rxe2 26. Rxe2 Re8 27. Rxe8 Bxe8 28. Kh2 Bd7 29. Qe2 Bf8 30. g4 Nf6 31. Qc2 b5 32. cxb5 axb5 33. Bxf5 Bxf5 34. Qxf5 Qxf5 35. gxf5 b4 36. Nb5 Nxd5 37. Bxd6 Bxd6+ 38. Nxd6 Ne3 39. Kg3 Kg7 40. Kf4 Nd1 41. Nc4 Nf2 42. h4 Kf6 43. a4 bxa3 44. bxa3 h5 45. Ne3 Nd3+ 46. Ke4 Nf2+ 47. Kf3 Nd3 48. a4 Ke5 49. a5 Nb4 50. Ke2 Kd6 51. Kd2 Kc6 52. Kc3 Na6 53. f6 Kd6 54. Kc4 Nc7 55. f7 Ne6 56. Nf5+ Kc6 57. Ne7+ Kd7 58. Ng6 1-0